Assessing Latin American neoliberalism: Introduction to a Debate /
The present set of Research Notes, which were first presented at a forum on Latin America's market reforms held at the 2003 Latin America Studies Asociation Congress, investigates the economic and social repercussions of the neoliberal ware that swpt across the region during the 199s
Uloženo v:
| Hlavní autor: | |
|---|---|
| Médium: | Text |
| Témata: | |
| Tagy: |
Přidat tag
Žádné tagy, Buďte první, kdo vytvoří štítek k tomuto záznamu!
|
MARC
| LEADER | 00000 a a2200000 04500 | ||
|---|---|---|---|
| 001 | 9266 | ||
| 003 | |||
| 040 | |||
| 100 | |a Weyland, Kurt | ||
| 245 | |a Assessing Latin American neoliberalism: |b Introduction to a Debate / |c Kurt Weyland | ||
| 520 | |a The present set of Research Notes, which were first presented at a forum on Latin America's market reforms held at the 2003 Latin America Studies Asociation Congress, investigates the economic and social repercussions of the neoliberal ware that swpt across the region during the 199s | ||
| 650 | |a NEOLIBERALISMO | ||
| 650 | |a POLITICA ECONOMICA | ||
| 650 | |a CONSECUENCIAS ECONOMICAS | ||
| 650 | |a CONSECUENCIAS SOCIALES | ||
| 773 | |g volumen 39, número 3; páginas 143-149 | ||
| 999 | |c 26787 |d 26787 | ||
